[Event "RN-2014-0-00839"]
[Site "LSS email"]
[Date "2014.08.23"]
[Round "?"]
[White "Hinestroza, Douglas"]
[Black "Salinas, Evin"]
[Result "1-0"]
[WhiteElo "739"]
[BlackElo "661"]
[PlyCount "119"]
[EventDate "2014.08.11"]
[EventType "tourn (corr)"]
[EventRounds "6"]
[EventCountry "GER"]
[SourceTitle "Corr 2015"]
[Source "ChessBase"]
[SourceDate "2015.07.17"]
[SourceVersion "1"]
[SourceVersionDate "2015.07.17"]
[SourceQuality "1"]

1. e4 e5 2. Nf3 Nf6 3. Nxe5 Nc6 4. Nxc6 dxc6 5. Nc3 Bc5 6. d4 Qxd4 7. Qxd4 Bxd4 8. Bf4 0-0 9. Bxc7 Re8 10. f3 Nd5 11. Nxd5 cxd5 12. 0-0-0 Be3+ 13. Kb1 dxe4 14. fxe4 Bg4 15. Re1 Bf2 16. Rc1 Rxe4 17. Bd3 Ra4 18. h3 Be6 19. a3 a6 20. Rhf1 Bh4 21. Rcd1 Bf6 22. Bg3 b5 23. Bd6 Bc4 24. Bxc4 Rxc4 25. b3 Rh4 26. Rd3 b4 27. Bxb4 h6 28. Bc3 Bxc3 29. Rxc3 f6 30. Rc7 a5 31. a4 Rh5 32. Rd1 Rg5 33. g4 f5 34. gxf5 Rxf5 35. Rg1 Rf7 36. Rc6 Rf3 37. Rxh6 Raf8 38. Rhg6 Rf1+ 39. Rxf1 Rxf1+ 40. Kb2 Rh1 41. Rg3 Kh7 42. Kc3 Rf1 43. Kc4 Rf2 44. Rc3 Kg6 45. Kb5 Rf5+ 46. Kb6 Kf6 47. Rc6+ Kg5 48. Rc3 Kh4 49. Rc5 Rxc5 50. Kxc5 Kxh3 51. b4 axb4 52. Kxb4 g5 53. a5 g4 54. a6 g3 55. a7 g2 56. a8Q g1Q 57. Qh8+ Kg3 58. Qg8+ Kf2 59. Qxg1+ Kxg1 60. c4 1-0

[Event "RN-2014-0-00839"]
[Site "LSS email"]
[Date "2014.08.23"]
[Round "?"]
[White "Vaculik, Jakub"]
[Black "Salinas, Evin"]
[Result "1-0"]
[WhiteElo "856"]
[BlackElo "661"]
[PlyCount "57"]
[EventDate "2014.08.11"]
[EventType "tourn (corr)"]
[EventRounds "6"]
[EventCountry "GER"]
[SourceTitle "Corr 2015"]
[Source "ChessBase"]
[SourceDate "2015.07.17"]
[SourceVersion "1"]
[SourceVersionDate "2015.07.17"]
[SourceQuality "1"]

1. e4 e5 2. Nf3 Nc6 3. Be2 Nf6 4. d3 Bc5 5. 0-0 Ne7 6. Nxe5 0-0 7. Nc3 c6 8. Bd2 Qc7 9. Nf3 Ng6 10. Qc1 d6 11. Be3 Bb6 12. h3 Bd7 13. Qd2 Nh5 14. Ng5 Bxe3 15. Qxe3 Rae8 16. Bxh5 d5 17. Qd2 f5 18. exd5 c5 19. Bxg6 hxg6 20. Rfe1 b5 21. Rxe8 Rxe8 22. Re1 Rf8 23. Ne6 Bxe6 24. dxe6 Qd6 25. Nxb5 Qe7 26. Qf4 g5 27. Qd6 Qxd6 28. Nxd6 Rb8 29. e7 1-0